Современные проблемы типологии книги

Detalles Bibliográficos
Autor Principal: Гречихин А. А. Александр Андреевич
Idioma:ruso
Publicado: Воронеж, Изд-во Воронеж. ун-та, 1989
Subjects:
Formato: MixedMaterials Libro
KOHA link:https://koha.lib.tpu.ru/cgi-bin/koha/opac-detail.pl?biblionumber=251106

MARC

LEADER 00000nam0a2200000 4500
001 251106
005 20231101232627.0
010 |a 5745501758 
020 |a RU  |b 89-15619 
035 |a (RuTPU)RU\TPU\book\273362 
090 |a 251106 
100 |a 20140219d1989 km y0rusy5003 ca 
101 0 |a rus 
102 |a RU 
105 |a a z 001zy 
200 1 |a Современные проблемы типологии книги  |f А. А. Гречихин 
210 |a Воронеж  |c Изд-во Воронеж. ун-та  |d 1989 
215 |a 245,[2] с.  |c ил.  |d 22 см 
320 |a Библиогр.: с. 219-246 (654 назв.). 
606 1 |a Книговедение  |2 stltpush  |3 (RuTPU)RU\TPU\subj\14571  |9 40942 
610 1 |a книга 
610 1 |a типология 
610 1 |a структура 
610 1 |a модели 
686 |a Ч611  |2 rubbk 
700 1 |a Гречихин  |b А. А.  |g Александр Андреевич 
801 0 |a RU  |b RuMRKP  |c 19950417  |g psbo 
801 1 |a RU  |b 63413507  |c 20140219 
801 2 |a RU  |b 63413507  |c 20140314  |g RCR 
942 |c BK